Proyectos de cambio e institucionalidad jurídico-política. Chile 1964-1973
Saved in:
| Main Authors: | , |
|---|---|
| 格式: | 圖書 |
| 語言: | 西班牙语 |
| 出版: |
Santiago
FLACSO
1978
|
| 叢編: | Documento de Trabajo, 72
|
| 主題: | |
| 標簽: |
添加標簽
沒有標簽, 成為第一個標記此記錄!
|
MARC
| LEADER | 00000nam a2200000 a 4500 | ||
|---|---|---|---|
| 001 | UCT6260 | ||
| 003 | CL-VaPUC | ||
| 008 | 970106e19780000CL |||||||||||||||||spa|d | ||
| 082 | 0 | 4 | |a 303.4 |b CUM |2 21 |
| 100 | 0 | |a Cumplido Cereceda, Francisco |e author |9 376210 | |
| 700 | 0 | |a Balbontín, Ignacio |e author |9 376211 | |
| 245 | 1 | 0 | |a Proyectos de cambio e institucionalidad jurídico-política. Chile 1964-1973 |
| 300 | |a 65 p | ||
| 942 | |c BK | ||
| 945 | |d 19970106 00:00:00 |a paguirre | ||
| 260 | |a Santiago |b FLACSO |c 1978 | ||
| 650 | 0 | |a Cambio social |9 256857 | |
| 650 | 0 | |a Democracia |9 255256 | |
| 650 | 0 | |a Ciencias sociales |9 256351 | |
| 650 | 0 | |a Política |9 255312 | |
| 650 | 7 | |a SISTEMAS POLITICOS |2 CL-VaPUC |9 376212 | |
| 650 | 0 | |a Libertad |9 255686 | |
| 650 | 0 | |a Partidos políticos |9 254999 | |
| 651 | 7 | |a CHILE |2 CL-VaPUC |9 376213 | |
| 583 | |a last modification |c 19970106 00:00:00 |k Rodrigo Vera | ||
| 490 | 0 | |a Documento de Trabajo, 72 | |
| 999 | |c 254975 |d 254973 | ||
| 952 | |0 0 |1 0 |4 0 |6 303_400000000000000_CUM_1978 |7 0 |8 P |9 276978 |a BIBDER |b BIBDER |d 2019-11-19 |i 1801112 |o 303.4 CUM 1978 |p 1801112 |r 2023-01-25 |w 2019-11-19 |y BK |k DER | ||